000 00256nam a2200109Ia 4500
008 220204s9999 xx 000 0 und d
082 _a094.53
_bLAM
100 _aLamb, Charles
245 0 _aWar in a stringbag
260 _aLondon
_bArrow
_c1977
942 _cBK
999 _c32745
_d32745